书目信息 |
| 题名: |
安全驾驶从这里开始
|
|
| 作者: | ;交通部 编 | |
| 分册: | ||
| 出版信息: | 北京 人民交通出版社股份有限公司 2018.3 |
|
| 页数: | 201页 | |
| 开本: | 24cm | |
| 丛书名: | ||
| 单 册: | ||
| 中图分类: | U471.15 | |
| 科图分类: | ||
| 主题词: | 汽车驾驶--安全技术--技术培训--教材 | |
| 电子资源: | ||
| ISBN: | 978-7-114-14018-1 | |
| 000 | 00941nam0 2200253 45 | |
| 001 | 012001000676 | |
| 005 | 20211012144452.08 | |
| 010 | @a978-7-114-14018-1@dCNY40.00 | |
| 100 | @a20180302d2017 em y0chiy50 ea | |
| 101 | 0 | @achi |
| 102 | @aCN@b110000 | |
| 105 | @aa z 000yy | |
| 106 | @ar | |
| 200 | 1 | @a安全驾驶从这里开始@Aan quan jia shi cong zhe li kai shi@b专著@e适用车型A2-牵引车、B2-大型货车@f中华人民共和国交通运输部[编] |
| 205 | @a3版 | |
| 210 | @a北京@c人民交通出版社股份有限公司@d2018.3 | |
| 215 | @a201页@c彩图@d24cm | |
| 300 | @a中华人民共和国机动车驾驶培训教材 | |
| 330 | @a本书适合报考A2、B2驾驶证的学员使用,内容包括:法律法规、交通信号、车辆知识、驾驶操作训练、安全文明驾驶、紧急情况处置及常见危险品知识、交通事故分析等。 | |
| 606 | 0 | @a汽车驾驶@x安全技术@x技术培训@j教材 |
| 690 | @aU471.15@v5 | |
| 711 | 02 | @a交通部@Ajiao tong bu@4编 |
| 801 | 0 | @aCN@bBJSDL@c20211011 |
| 905 | @b1331952-4@dU471.15@e1015=3@f3 | |
| 安全驾驶从这里开始:适用车型A2-牵引车、B2-大型货车/中华人民共和国交通运输部[编].-3版.-北京:人民交通出版社股份有限公司,2018.3 |
| 201页:彩图;24cm |
| 中华人民共和国机动车驾驶培训教材 |
| ISBN 978-7-114-14018-1:CNY40.00 |
| 本书适合报考A2、B2驾驶证的学员使用,内容包括:法律法规、交通信号、车辆知识、驾驶操作训练、安全文明驾驶、紧急情况处置及常见危险品知识、交通事故分析等。 |
| ● |
| 相关链接 |
|
|
|
|
正题名:安全驾驶从这里开始
索取号:U471.15/1015=3
 
预约/预借
| 序号 | 登录号 | 条形码 | 馆藏地/架位号 | 状态 | 备注 |
| 1 | 1331952 | 213319522 | 第二样本阅览室/ [索取号:U471.15/1015=3] | 在馆 | |
| 2 | 1331953 | 213319531 | 第三借阅区/ [索取号:U471.15/1015=3] | 在馆 | |
| 3 | 1331954 | 213319540 | 第三借阅区/ [索取号:U471.15/1015=3] | 在馆 |